Bilecik Bilecik Bilecik Bilecik Bilecik

Bilateral agreements, essential documents and declarations between Turkey and Greece Since the proclamation of the Turkish Republic = (Record no. 67907)

MARC details
000 -BAŞLIK
Sabit Uzunluktaki Kontrol Alanı 01406nam a22003017a 4500
001 - KONTROL NUMARASI
Control Dosyası 0067357
003 - KONTROL NUMARASI KİMLİĞİ
Kontrol Alanı KOHA_MİRAKIL
005 - EN SON İŞLEM TARİHİ ve ZAMANI
Kontrol Alanı 20260207004714.0
007 - FİZİKSEL TANIM SABİT ALAN - GENEL BİLGİ
Sabit uzunluklu kontrol alanı ta
008 - SABİT UZUNLUKTAKİ VERİ ÖGELERİ - GENEL BİLGİ
Sabit Alan 220620b2000 tu |||gr||||#0|||0|eng |
040 ## - KATALOGLAMA KAYNAĞI
Özgün Kataloglama Kurumu TR-BiSEU
Kataloglama Dili tur
Çeviri Kurumu TR-BiSEU
Açıklama Kuralları rda
041 0# - DİL KODU
Metin ya da ses kaydının dil kodu eng
-- fre
044 ## - YAYINLAYAN/ÜRETEN KURULUŞUN ÜLKE KODU
ISO country code tu
050 ## - SINIFLAMA ve YER NUMARASI
Sınıflama Numarası DR479
Yer Numarası .B55 2000
240 10 - TEK BİÇİM BAŞLIK
Tekbiçim Başlık <a href="Cumhuriyet döneminde Türkiye ile Yunanistan arasında imzalanan ikili anlaşmalar, önemli, belgeler ve bildiriler">Cumhuriyet döneminde Türkiye ile Yunanistan arasında imzalanan ikili anlaşmalar, önemli, belgeler ve bildiriler</a>
Language of a work İngilizce
245 0# - ESER ADI BİLDİRİMİ
Başlık Bilateral agreements, essential documents and declarations between Turkey and Greece Since the proclamation of the Turkish Republic =
Alt Eseradı vb. Accords bilateraux, documents essentiels et declarations entre la Turquie et la Greece depuis la proclamation de la republique de Turquie =
-- Cumhuriyet döneminde Türkiye ile Yunanistan arasında imzalanan ikili anlaşmalar, önemli, belgeler ve bildiriler/
Sorumluluk Bildirimi Hazırlayan Hulusi Kılıç.
264 #1 - ÜRERİM, YAYIN, DAĞITIM ve TELİF BİLDİRİMİ
Yayın yeri Ankara :
Yayınlayan T.C. Dışişleri Bakanlığı
Yayın tarihi 2000
300 ## - FİZİKSEL TANIMLAMA
Sayfa, Cilt vb. XI, 450 sayfa; 24 cm
336 ## - İÇERİK TÜRÜ
Content type term metin
Content type code txt
Source rdacontent
337 ## - MEDYA TÜRÜ
Media type term aracısız
Media type code n
Source rdamedia
338 ## - TAŞIYICI TÜRÜ
Carrier type term cilt
Carrier type code nc
Source rdacarrier
650 #0 - KONU BAŞLIĞI EK GİRİŞ - KONU TERİMİ
Konusal terim veya coğrafi ad Türkiye--Dış ilişkiler--Yunanistan.
9 (RLIN) 13720
650 #0 - KONU BAŞLIĞI EK GİRİŞ - KONU TERİMİ
Konusal terim veya coğrafi ad Türkiye--Dış ilişkiler--Tarih.
9 (RLIN) 85962
650 #0 - KONU BAŞLIĞI EK GİRİŞ - KONU TERİMİ
Konusal terim veya coğrafi ad Greece--Foreign relations--Turkey.
9 (RLIN) 13250
650 #0 - KONU BAŞLIĞI EK GİRİŞ - KONU TERİMİ
Konusal terim veya coğrafi ad Turkey--Foreign relations--History.
9 (RLIN) 51190
907 ## - LOCAL DATA ELEMENT G, LDG (RLIN)
a Tarih
942 ## - EK GİRİŞ ÖGELERİ (KOHA)
Source of classification or shelving scheme Library of Congress Classification
Koha item type Book
Holdings
Materyal Türü Kalıcı Konum Mevcut Konum Sınıflandırma Kaynağı Edinim Bilgisi Ana Konular Alt Konular Yer Numarası Demirbaş Numarası Fatura Tarihi Geri Çekilme Durumu Kayıp Durumu Hasarlı Durumu Kredi için değil Kayıt Tarih Toplam Ödünçverme Son Görülme Tarihi Son Kontrol Tarihi Genel / Bağış Notu
Book BŞEÜ Bozüyük MYO Kütüphanesi BŞEÜ Bozüyük MYO Kütüphanesi Library of Congress Classification Bağış DÜNYA TARİHİ (AVRUPA, ASYA, AFRİKA VB.) Balkan Yarımadası DR479 .B55 2000 0067357 02/02/2026         20/06/2022   06/03/2025 06/03/2025 Genel Bağış